000
00225nam a2200097Ia 4500
008
190216s9999||||xx |||||||||||||| ||und||
100
_a
Null
245
0
_a
Hindi-Saral Gadya
260
_b
Tata Mcgrawhill Publishers
942
_c
BK
999
_c
18329
_d
18329